000 00882nas a2200301 4500
001 BR2011003901
003 BR-BrBNA
005 20231205115038.0
007 ta
008 230509b bl.|||p| |||| 00| 00por d
040 _aBR-BrBNA
_bpor
_cBiblioteca Nacional de Agricultura
041 _a(Pt)
072 _aL73; L53
100 1 _aRibeiro, L.A.O.
100 1 _aLopes, G.F.
100 1 _aSouza, F.M. de
100 1 _aLehugeur, C.M.
245 1 _aPerda reprodutiva causada pelo footrot em dois rebanhos ovinos no Rio Grande do Sul
650 _aOVELHA
650 _aOVINOCULTURA
650 _aPERDA
650 _aREPRODUÇÃO ANIMAL
650 _aDOENÇA ANIMAL
650 _aCASCO
773 0 _tVeterinária em Foco (Brazil)
_xISSN 1679-5237
_g(Jan-Jun 2010), v. 7(2) p. 135-140
_wBR2011003901
909 _a202311
_bLúcia
_c55
_dLúcia Elande
942 _2AGRIS
_n0
_cANA
999 _c211820
_d211820